[Event "IND-ch U15 48th"]
[Site "Jalgaon"]
[Date "2023.12.27"]
[Round "1"]
[White "Keshav, Singhal"]
[Black "Tejas Shah, Jihan"]
[Result "0-1"]
[WhiteElo "1407"]
[BlackElo "1891"]
[PlyCount "60"]
[EventDate "2023.12.27"]
[EventType "swiss"]
[EventRounds "11"]
[EventCountry "IND"]
[SourceTitle "CB02_2024"]
[SourceDate "2024.01.10"]
[SourceVersion "1"]
[SourceVersionDate "2024.01.10"]
[SourceQuality "1"]

1. e4 c5 2. Nf3 Nc6 3. c3 Nf6 4. Bd3 e5 5. Bc2 d5 6. exd5 Qxd5 7. d3 Bf5 8. 0-0 0-0-0 9. Bb3 Qxd3 10. Qxd3 Bxd3 11. Re1 c4 12. Ba4 Bd6 13. Bg5 Rhe8 14. Nbd2 a6 15. Bxc6 bxc6 16. Re3 Nd5 17. Rxd3 cxd3 18. Bxd8 Kxd8 19. Ne4 Kc7 20. Rd1 f5 21. Nxd6 Kxd6 22. c4 Nf4 23. g3 Ne2+ 24. Kf1 e4 25. Ne1 Kc5 26. b3 Kb4 27. f3 Nd4 28. fxe4 fxe4 29. Kg2 Nc2 30. Kf2 e3+ 0-1

[Event "Udaipur Pandiyar op 8th"]
[Site "Udaipur"]
[Date "2023.10.19"]
[Round "9"]
[White "Girinath, PDS"]
[Black "Tejas Shah, Jihan"]
[Result "1/2-1/2"]
[WhiteElo "2312"]
[BlackElo "1864"]
[PlyCount "271"]
[EventDate "2023.10.15"]
[EventType "swiss"]
[EventRounds "9"]
[EventCountry "IND"]
[SourceTitle "Mega2024 Update 01"]
[Source "Chessbase"]
[SourceDate "2023.11.12"]
[SourceVersion "1"]
[SourceVersionDate "2023.11.12"]
[SourceQuality "1"]

1. e4 c5 2. Nf3 Nc6 3. c3 Nf6 4. d3 d6 5. g3 g6 6. Bg2 Bg7 7. 0-0 0-0 8. Re1 Nd7 9. Na3 Rb8 10. d4 b5 11. d5 Nce5 12. Nc2 Nxf3+ 13. Bxf3 a5 14. a4 b4 15. c4 Nb6 16. b3 Nxc4 17. bxc4 b3 18. Rb1 bxc2 19. Qxc2 Rxb1 20. Qxb1 Ba6 21. Be2 Qc7 22. Bd2 Rb8 23. Qd3 Qb6 24. Kg2 Qb3 25. Qxb3 Rxb3 26. Bxa5 Ra3 27. Bd8 Kf8 28. a5 Bc3 29. Rc1 Bxa5 30. Bxa5 Rxa5 31. Rc3 Ra4 32. f4 Ke8 33. Kf3 Kd8 34. h4 h5 35. f5 Ke8 36. Kf4 Kf8 37. fxg6 fxg6 38. e5 Kg7 39. exd6 exd6 40. Kg5 Rb4 41. Bd3 Ra4 42. Rb3 Bxc4 43. Rb7+ Kg8 44. Be4 Ba6 45. Re7 Kf8 46. Kf6 Ra1 47. Ra7 Rf1+ 48. Kxg6 Bc4 49. Rd7 Re1 50. Kf5 Rf1+ 51. Ke6 Re1 52. Rf7+ Kg8 53. Rf5 Rxe4+ 54. Kxd6 Be2 55. Kxc5 Bg4 56. Rf2 Re3 57. d6 Rxg3 58. Rd2 Rc3+ 59. Kb6 Rc4 60. Rd5 Kf7 61. d7 Bxd7 62. Rxh5 Ke7 63. Rh6 Be6 64. Kb5 Rg4 65. Kc5 Rc4+ 66. Kb5 Rc1 67. Kb4 Kd6 68. Rh8 Rc4+ 69. Kb5 Rg4 70. h5 Bd7+ 71. Kb6 Rb4+ 72. Ka7 Kc7 73. Rh6 Ra4+ 74. Ra6 Rh4 75. Ra5 Bc6 76. Ka6 Rb4 77. Rg5 Bd7 78. Rc5+ Kd6 79. Rg5 Bc6 80. Ka5 Rh4 81. Kb6 Rb4+ 82. Ka5 Rb1 83. h6 Rh1 84. Kb4 Rh4+ 85. Kc3 Rxh6 86. Kd4 Rh4+ 87. Ke3 Bd5 88. Kd3 Kc5 89. Rg3 Ra4 90. Rg7 Ra3+ 91. Kc2 Bc4 92. Rc7+ Kb4 93. Rb7+ Bb5 94. Kd2 Rd3+ 95. Ke1 Rd5 96. Kf2 Kc3 97. Re7 Rf5+ 98. Ke3 Rf1 99. Rc7+ Bc4 100. Rd7 Re1+ 101. Kf4 Bd3 102. Ra7 Bc4 103. Rd7 Be6 104. Rd8 Kc4 105. Rd2 Kc5 106. Rd3 Bd5 107. Re3 Rf1+ 108. Ke5 Rf8 109. Rc3+ Bc4 110. Rc1 Re8+ 111. Kf6 Kd4 112. Rd1+ Bd3 113. Ra1 Rb8 114. Rd1 Rb6+ 115. Ke7 Ke4 116. Re1+ Kf5 117. Kd7 Be4 118. Kc7 Ra6 119. Rg1 Ke5 120. Rg5+ Bf5 121. Rh5 Rg6 122. Rh2 Rg7+ 123. Kc6 Be4+ 124. Kb6 Kd4 125. Rh4 Rb7+ 126. Ka5 Kc5 127. Ka4 Bd5 128. Ka3 Rb3+ 129. Ka4 Rb2 130. Rh3 Ra2+ 131. Ra3 Rh2 132. Ra1 Bc4 133. Ka3 Kb5 134. Rb1+ Ka5 135. Ra1 Rg2 136. Ra2 1/2-1/2

[Event "Udaipur Pandiyar op 8th"]
[Site "Udaipur"]
[Date "2023.10.18"]
[Round "7"]
[White "Tejas Shah, Jihan"]
[Black "Raj, D Vyas"]
[Result "1-0"]
[WhiteElo "1864"]
[BlackElo "1828"]
[PlyCount "87"]
[EventDate "2023.10.15"]
[EventType "swiss"]
[EventRounds "9"]
[EventCountry "IND"]
[SourceTitle "Mega2024 Update 01"]
[Source "Chessbase"]
[SourceDate "2023.11.12"]
[SourceVersion "1"]
[SourceVersionDate "2023.11.12"]
[SourceQuality "1"]

1. d4 d6 2. Nf3 Nf6 3. c4 g6 4. Nc3 Bg7 5. g3 0-0 6. Bg2 Nbd7 7. 0-0 e5 8. h3 exd4 9. Nxd4 Ne5 10. b3 Bd7 11. Bb2 Qc8 12. Kh2 Re8 13. Rc1 a5 14. Nd5 Qd8 15. Ba1 Nc6 16. Nb5 Rc8 17. Nbc3 Bf5 18. Qd2 Ne4 19. Nxe4 Bxe4 20. Bxg7 Kxg7 21. Bxe4 Rxe4 22. e3 f6 23. Kg2 b6 24. h4 Qd7 25. f3 Ree8 26. e4 Ne5 27. h5 Nf7 28. Rh1 Ng5 29. Nxf6 Kxf6 30. Qf4+ Kg7 31. Qxg5 Re5 32. hxg6 Rxg5 33. Rxh7+ Kxg6 34. Rxd7 a4 35. f4 Rc5 36. Rh1 Rh5 37. Rxh5 Kxh5 38. bxa4 Ra8 39. Rxc7 Rxa4 40. Kh3 Rxa2 41. Rc6 Ra1 42. g4+ Kg6 43. Rxd6+ Kg7 44. Rxb6 1-0

[Event "Asia-ch Blitz U20"]
[Site "Jamshedpur"]
[Date "2023.09.15"]
[Round "4"]
[White "Grebnev, Aleksey"]
[Black "Tejas Shah, Jihan"]
[Result "1-0"]
[WhiteElo "2400"]
[BlackElo "1731"]
[PlyCount "113"]
[EventDate "2023.09.15"]
[EventType "swiss (blitz)"]
[EventRounds "9"]
[EventCountry "IND"]
[SourceTitle "EXT 2024"]
[Source "ChessBase"]
[SourceDate "2023.10.10"]
[SourceVersion "1"]
[SourceVersionDate "2023.10.10"]
[SourceQuality "1"]

1. d4 Nf6 2. c4 g6 3. Nc3 Bg7 4. e4 d6 5. Be2 0-0 6. Be3 e5 7. d5 Na6 8. h4 Nc5 9. Qc2 a5 10. h5 c6 11. h6 Bh8 12. Bxc5 dxc5 13. 0-0-0 cxd5 14. Nxd5 Nxd5 15. cxd5 f5 16. d6 Bf6 17. Bc4+ Kh8 18. Ne2 Bd7 19. Nc3 fxe4 20. Nxe4 b5 21. Bd5 Rc8 22. Kb1 c4 23. Ka1 Bf5 24. Qe2 Bxe4 25. Bxe4 b4 26. Rd5 Qb6 27. f3 c3 28. d7 cxb2+ 29. Qxb2 Rc3 30. Rhd1 Rd8 31. Rd6 Qc5 32. Rxf6 a4 33. Re6 Kg8 34. Re8+ Kf7 35. Rxd8 a3 36. Qd2 b3 37. Qd5+ Qxd5 38. Bxd5+ Ke7 39. Re8+ Kxd7 40. Bf7+ Kc7 41. Bxb3 e4 42. Rxe4 g5 43. Rc4+ Rxc4 44. Bxc4 g4 45. fxg4 Kc6 46. Bd3 Kd6 47. Bxh7+ Ke7 48. Bf5 Kf6 49. h7 Kg7 50. Rd8 Kf6 51. h8Q+ Kg5 52. Qh2 Kf6 53. Rd6+ Kg7 54. Qe5+ Kg8 55. Rd8+ Kf7 56. Qe6+ Kg7 57. Qg6# 1-0

[Event "Asia-ch Blitz U20"]
[Site "Jamshedpur"]
[Date "2023.09.15"]
[Round "8"]
[White "Panda, Sambit"]
[Black "Tejas Shah, Jihan"]
[Result "1-0"]
[WhiteElo "2250"]
[BlackElo "1731"]
[PlyCount "47"]
[EventDate "2023.09.15"]
[EventType "swiss (blitz)"]
[EventRounds "9"]
[EventCountry "IND"]
[SourceTitle "EXT 2024"]
[Source "ChessBase"]
[SourceDate "2023.10.10"]
[SourceVersion "1"]
[SourceVersionDate "2023.10.10"]
[SourceQuality "1"]

1. d4 Nf6 2. c4 g6 3. Nc3 Bg7 4. e4 d6 5. h3 0-0 6. Be3 e5 7. d5 Na6 8. g4 Nc5 9. f3 Nfd7 10. Nge2 f5 11. exf5 gxf5 12. Qc2 e4 13. f4 fxg4 14. hxg4 Nd3+ 15. Kd2 Nb6 16. Nxe4 Nb4 17. Qb3 a5 18. Nd4 Bxg4 19. Bd3 h5 20. Rag1 Qe7 21. a3 Nxd3 22. Qxd3 Nd7 23. Ng5 Nc5 24. Qh7# 1-0

[Event "Asia-ch Blitz U20"]
[Site "Jamshedpur"]
[Date "2023.09.15"]
[Round "5"]
[White "Tejas Shah, Jihan"]
[Black "Nishanth, Dsouza"]
[Result "1-0"]
[WhiteElo "1731"]
[BlackElo "1430"]
[PlyCount "159"]
[EventDate "2023.09.15"]
[EventType "swiss (blitz)"]
[EventRounds "9"]
[EventCountry "IND"]
[SourceTitle "EXT 2024"]
[Source "ChessBase"]
[SourceDate "2023.10.10"]
[SourceVersion "1"]
[SourceVersionDate "2023.10.10"]
[SourceQuality "1"]

1. d4 Nf6 2. c4 e6 3. Nc3 d5 4. cxd5 exd5 5. Bg5 Be7 6. e3 0-0 7. Bd3 c6 8. Qc2 h6 9. Bh4 Nbd7 10. Nge2 Re8 11. 0-0 Ne4 12. Bxe7 Qxe7 13. Bxe4 dxe4 14. d5 Nf6 15. dxc6 bxc6 16. h3 Ba6 17. Rfd1 Rad8 18. Qa4 Qb7 19. b3 Bb5 20. Qb4 Qa6 21. Nd4 Rb8 22. Qc5 Nd7 23. Qd6 Nb6 24. a4 Rbd8 25. Qf4 Bd3 26. Nxc6 Rc8 27. Nb4 Qa5 28. Nxd3 exd3 29. Nb5 Red8 30. b4 Qa6 31. Nd4 Nd5 32. b5 Nxf4 33. bxa6 Ne2+ 34. Nxe2 dxe2 35. Re1 Rc2 36. f3 Rd6 37. Kf2 Rxa6 38. Rxe2 Rxe2+ 39. Kxe2 Rb6 40. Ra2 a5 41. g4 Kf8 42. Kd3 Ke7 43. Kc4 Kd6 44. Rd2+ Ke6 45. Ra2 Ke5 46. Ra3 g5 47. Kd3 f5 48. Rc3 Rd6+ 49. Kc2 fxg4 50. Rc5+ Kf6 51. hxg4 Ra6 52. Kd3 Kg6 53. Re5 h5 54. gxh5+ Kxh5 55. f4 Kh6 56. Rxg5 Rd6+ 57. Ke4 Re6+ 58. Kf3 Ra6 59. Rb5 Ra8 60. e4 Ra7 61. e5 Kg6 62. Ke4 Kf7 63. f5 Ra6 64. Rb7+ Ke8 65. f6 Kf8 66. Kf5 Rc6 67. e6 Rc5+ 68. Kg6 Rc8 69. Rh7 Kg8 70. f7+ Kf8 71. Rh8+ Ke7 72. Rxc8 Kxe6 73. f8Q Kd7 74. Qe8+ Kd6 75. Rc6+ Kd5 76. Qe6+ Kd4 77. Rc4+ Kd3 78. Qe4+ Kd2 79. Rc2+ Kd1 80. Qe2# 1-0

[Event "Asia-ch Blitz U20"]
[Site "Jamshedpur"]
[Date "2023.09.15"]
[Round "9"]
[White "Tejas Shah, Jihan"]
[Black "Vikramaditya, Abhijit Chavan"]
[Result "0-1"]
[WhiteElo "1731"]
[BlackElo "1388"]
[PlyCount "86"]
[EventDate "2023.09.15"]
[EventType "swiss (blitz)"]
[EventRounds "9"]
[EventCountry "IND"]
[SourceTitle "EXT 2024"]
[Source "ChessBase"]
[SourceDate "2023.10.10"]
[SourceVersion "1"]
[SourceVersionDate "2023.10.10"]
[SourceQuality "1"]

1. d4 d5 2. c4 e6 3. Nc3 Nf6 4. cxd5 exd5 5. Bg5 c6 6. e3 Be7 7. Bd3 0-0 8. Qc2 h6 9. Bh4 Nbd7 10. Nge2 b5 11. 0-0 Bb7 12. f3 a6 13. h3 Rc8 14. e4 c5 15. dxc5 Nxc5 16. e5 Nfd7 17. Bxe7 Qxe7 18. f4 b4 19. Na4 b3 20. Bh7+ Kh8 21. Qf5 Nxa4 22. axb3 Nac5 23. Nd4 g6 24. Bxg6 fxg6 25. Qxg6 Qg7 26. Qd6 Rg8 27. Rf2 Ne4 28. Qe6 Nxf2 29. g4 Nxg4 30. Nf5 Qg6 31. Qxg6 Rxg6 32. hxg4 Rxg4+ 33. Kh2 Rxf4 34. Nd6 Rb8 35. Kg3 Rff8 36. Rh1 Kg7 37. Kh4 Nxe5 38. Rg1+ Ng6+ 39. Kh5 Rf6 40. b4 d4 41. b5 Bf3+ 42. Rg4 Rxb5+ 43. Nxb5 Rf5# 0-1

[Event "Asia-ch U20"]
[Site "Jamshedpur"]
[Date "2023.09.10"]
[Round "2"]
[White "Adireddy, Arjun"]
[Black "Tejas Shah, Jihan"]
[Result "1/2-1/2"]
[WhiteElo "2057"]
[BlackElo "1761"]
[PlyCount "108"]
[EventDate "2023.09.09"]
[EventType "swiss"]
[EventRounds "9"]
[EventCountry "IND"]
[SourceTitle "EXT 2024"]
[Source "ChessBase"]
[SourceDate "2023.10.10"]
[SourceVersion "1"]
[SourceVersionDate "2023.10.10"]
[SourceQuality "1"]

1. e4 c5 2. Nf3 Nc6 3. d4 cxd4 4. Nxd4 g6 5. c4 Bg7 6. Be3 Qb6 7. Nb3 Qd8 8. Nd4 Qb6 9. Nb3 Qd8 10. Qd2 Nf6 11. f3 d6 12. Nc3 0-0 13. Be2 Be6 14. Rc1 a5 15. 0-0 a4 16. Nd4 Nxd4 17. Bxd4 Qa5 18. Rfd1 Rfc8 19. b3 axb3 20. axb3 Nd7 21. Bxg7 Kxg7 22. Qd4+ Kg8 23. Na4 Nc5 24. Nxc5 Qxc5 25. Qxc5 dxc5 26. Ra1 Kf8 27. Kf2 b5 28. h4 bxc4 29. Bxc4 Bxc4 30. bxc4 Rab8 31. Ra7 Rb4 32. Rc1 Rd8 33. Rc7 Rd2+ 34. Kg3 Rbb2 35. Rxc5 Rxg2+ 36. Kf4 f6 37. e5 f5 38. Rc8+ Kf7 39. Re1 Rbe2 40. Rxe2 Rxe2 41. c5 Ke6 42. Rc6+ Kd5 43. Rc7 Ke6 44. c6 h6 45. Rc8 g5+ 46. hxg5 hxg5+ 47. Kxg5 Kxe5 48. c7 Rg2+ 49. Kh5 Rc2 50. Kg5 Rg2+ 51. Kh5 Rc2 52. Kg5 Rg2+ 53. Kh5 Rc2 54. Kg5 Rg2+ 1/2-1/2

[Event "Asia-ch Rapid U20"]
[Site "Jamshedpur"]
[Date "2023.09.08"]
[Round "7"]
[White "Tejas Shah, Jihan"]
[Black "Aswath, S."]
[Result "0-1"]
[WhiteElo "1733"]
[BlackElo "2259"]
[PlyCount "86"]
[EventDate "2023.09.08"]
[EventType "swiss (rapid)"]
[EventRounds "9"]
[EventCountry "IND"]
[SourceTitle "EXT 2024"]
[Source "ChessBase"]
[SourceDate "2023.10.10"]
[SourceVersion "1"]
[SourceVersionDate "2023.10.10"]
[SourceQuality "1"]

1. d4 d5 2. c4 e6 3. Nc3 Nf6 4. cxd5 exd5 5. Bg5 Nbd7 6. e3 c6 7. Bd3 Be7 8. Qc2 0-0 9. Nge2 Re8 10. 0-0 h6 11. Bh4 Nh5 12. Bxe7 Qxe7 13. Rae1 Nf8 14. Nc1 Bd7 15. f3 Qg5 16. Qf2 Ne6 17. g4 Nhf4 18. exf4 Nxf4 19. Kh1 h5 20. h4 Qf6 21. g5 Qd6 22. Qg3 Re6 23. N3e2 Rae8 24. Bf5 Rxe2 25. Nxe2 Rxe2 26. Rxe2 Bxf5 27. Re5 Ne6 28. Qf2 g6 29. Qe3 Qb4 30. Qc3 Qa4 31. a3 c5 32. b3 Qb5 33. Rfe1 cxd4 34. Qc8+ Kg7 35. b4 Qd3 36. Kg1 Qxf3 37. Qc1 Qg3+ 38. Kh1 Qxh4+ 39. Kg1 Qg3+ 40. Kh1 Nf4 41. Qd2 Bg4 42. Rf1 Bf3+ 43. Rxf3 Qxf3+ 0-1

[Event "IND-ch U15 47th"]
[Site "New Delhi"]
[Date "2022.12.06"]
[Round "11"]
[White "Jaiveer, Mahendru"]
[Black "Tejas Shah, Jihan"]
[Result "0-1"]
[WhiteElo "1653"]
[BlackElo "1860"]
[PlyCount "150"]
[EventDate "2022.11.28"]
[EventType "swiss"]
[EventRounds "11"]
[EventCountry "IND"]
[SourceTitle "EXT 2024"]
[Source "ChessBase"]
[SourceDate "2023.10.10"]
[SourceVersion "1"]
[SourceVersionDate "2023.10.10"]
[SourceQuality "1"]

1. e4 c5 2. Nf3 Nc6 3. d4 cxd4 4. Nxd4 Qb6 5. Nb3 Nf6 6. Nc3 e6 7. Be3 Qc7 8. a3 d6 9. f3 Be7 10. Qd2 a6 11. 0-0-0 0-0 12. g4 Rd8 13. g5 Nd7 14. h4 b5 15. g6 fxg6 16. h5 gxh5 17. Rxh5 Nf6 18. Rh1 Ne5 19. Qh2 Nxf3 20. Qf2 Ne5 21. Bb6 Qd7 22. Bxd8 Qxd8 23. Nd4 Nfg4 24. Qg3 Bg5+ 25. Kb1 Qf6 26. Be2 Ne3 27. Rdg1 h6 28. Rh2 Bd7 29. Rf2 Qe7 30. Nf3 N3g4 31. Rff1 Nxf3 32. Rxf3 Ne5 33. Rff1 Rf8 34. Rf2 Rc8 35. Qh3 Rf8 36. Qg3 Rxf2 37. Qxf2 Bc6 38. Rd1 Qc7 39. Qd4 Be7 40. Bf1 Nf3 41. Qe3 Ng5 42. Qd3 Qb7 43. Re1 a5 44. Nxb5 Nxe4 45. Nd4 Bf6 46. Bh3 Bd5 47. Bxe6+ Bxe6 48. Rxe4 Bf5 49. Re8+ Kf7 50. Qxf5 Kxe8 51. Qe6+ Qe7 52. Qg8+ Kd7 53. Qd5 Bxd4 54. Qxd4 Qe5 55. Qg4+ Ke7 56. b4 Qe1+ 57. Kb2 axb4 58. axb4 g5 59. c3 Qe6 60. Qd4 Qe5 61. Qa7+ Kf6 62. Qh7 Qh2+ 63. Kb3 g4 64. Qh8+ Kf5 65. Qf8+ Ke4 66. Qe8+ Qe5 67. Qg6+ Qf5 68. Qxh6 g3 69. Qh1+ Qf3 70. Qe1+ Kf5 71. Qb1+ Kf6 72. b5 g2 73. Qc1 Qf1 74. Qh6+ Ke7 75. Qg7+ Qf7+ 0-1

[Event "Bikaner op 1st"]
[Site "Bikaner"]
[Date "2022.10.08"]
[Round "9"]
[White "Tejas Shah, Jihan"]
[Black "Phatak, Aanjaneya"]
[Result "0-1"]
[WhiteElo "1828"]
[BlackElo "2102"]
[PlyCount "56"]
[EventDate "2022.10.01"]
[EventType "swiss"]
[EventRounds "10"]
[EventCountry "IND"]
[SourceTitle "CBM 210 Extra"]
[Source "ChessBase"]
[SourceDate "2022.11.30"]
[SourceVersion "1"]
[SourceVersionDate "2022.11.30"]
[SourceQuality "1"]

1. d4 Nf6 2. c4 e6 3. Nf3 d5 4. Nc3 Bb4 5. Qa4+ Nc6 6. e3 0-0 7. Qc2 Re8 8. Bd2 Bf8 9. a3 e5 10. cxd5 Nxd4 11. exd4 exd4+ 12. Ne2 Qxd5 13. Qd3 c5 14. 0-0-0 Ne4 15. Be1 g6 16. Nc3 Bh6+ 17. Kb1 Nxc3+ 18. Qxc3 Bf5+ 19. Ka1 dxc3 20. Rxd5 c2 21. Rxc5 Rac8 22. Rxc2 Rxc2 23. Bb5 Rc1+ 24. Ka2 Be6+ 25. b3 Rec8 26. Bc4 Bg7 27. Bc3 Rxh1 28. Bxg7 Kxg7 0-1

[Event "IND-ch U19"]
[Site "Pune"]
[Date "2022.07.16"]
[Round "7"]
[White "Srihari, Lakshmi"]
[Black "Tejas Shah, Jihan"]
[Result "1-0"]
[WhiteElo "2286"]
[BlackElo "1649"]
[PlyCount "107"]
[EventDate "2022.07.12"]
[EventType "swiss"]
[EventRounds "11"]
[EventCountry "IND"]
[SourceTitle "EXT 2023"]
[Source "ChessBase"]
[SourceDate "2022.10.05"]
[SourceVersion "1"]
[SourceVersionDate "2022.10.05"]
[SourceQuality "1"]

1. e4 c5 2. Nf3 Nc6 3. g3 g6 4. Bg2 Bg7 5. 0-0 Nf6 6. d3 d5 7. Nbd2 0-0 8. c3 dxe4 9. Nxe4 Nxe4 10. dxe4 Qxd1 11. Rxd1 h6 12. Be3 b6 13. Nd2 Bg4 14. f3 Be6 15. f4 Rad8 16. e5 Na5 17. b4 cxb4 18. cxb4 Nc4 19. Nxc4 Bxc4 20. Rdc1 Be6 21. Rc7 Rd3 22. Kf2 Rc8 23. Rxc8+ Bxc8 24. a4 Rb3 25. a5 Rb2+ 26. Kg1 Be6 27. Bxb6 axb6 28. a6 Rxg2+ 29. Kxg2 Bd5+ 30. Kf2 f6 31. Rd1 Bc6 32. Rc1 Bd5 33. b5 fxe5 34. Rc6 exf4 35. gxf4 Bd4+ 36. Ke2 Bc5 37. a7 Bc4+ 38. Kf3 Bxb5 39. a8Q+ Kf7 40. Rc8 Bd7 41. Rd8 Bf5 42. Rf8+ Kg7 43. Qe8 Be6 44. Rh8 Bd5+ 45. Kg3 Bf7 46. Qf8+ Kf6 47. Rh7 Ke6 48. Qxf7+ Kd7 49. Qd5+ Kc7 50. Rh8 Bd6 51. Ra8 b5 52. Ra7+ Kb6 53. Rb7+ Ka6 54. Qxb5# 1-0

[Event "IND-ch U19"]
[Site "Pune"]
[Date "2022.07.16"]
[Round "6"]
[White "Tejas Shah, Jihan"]
[Black "Raahul, VS."]
[Result "1-0"]
[WhiteElo "1649"]
[BlackElo "2354"]
[PlyCount "117"]
[EventDate "2022.07.12"]
[EventType "swiss"]
[EventRounds "11"]
[EventCountry "IND"]
[SourceTitle "EXT 2023"]
[Source "ChessBase"]
[SourceDate "2022.10.05"]
[SourceVersion "1"]
[SourceVersionDate "2022.10.05"]
[SourceQuality "1"]

1. d4 d5 2. c4 e6 3. Nc3 a6 4. cxd5 exd5 5. Nf3 Nf6 6. Bf4 Be6 7. e3 Be7 8. Bd3 Nh5 9. Be5 Nc6 10. Rc1 0-0 11. h3 Nxe5 12. Nxe5 g6 13. 0-0 f6 14. Nf3 f5 15. Ne5 f4 16. e4 f3 17. Nxf3 Nf4 18. Nxd5 Bxd5 19. exd5 Bd6 20. h4 Qf6 21. Rc3 Rae8 22. g3 Kh8 23. Rb3 Nxd5 24. Ng5 Bxg3 25. fxg3 Qxd4+ 26. Kh1 Ne3 27. Rxf8+ Rxf8 28. Qe1 h6 29. Qc3 Qxc3 30. bxc3 hxg5 31. Rxb7 Rd8 32. Bxg6 Rd1+ 33. Kh2 Rd2+ 34. Kh1 Kg7 35. Be4 g4 36. Kg1 Rxa2 37. Rxc7+ Kf6 38. Rc5 Re2 39. h5 Nd1 40. Rf5+ Kg7 41. Rf4 Ne3 42. Bb7 Ra2 43. Rd4 a5 44. Rd6 Ra1+ 45. Kf2 Nd1+ 46. Kg2 Ra2+ 47. Kf1 Ne3+ 48. Ke1 Rh2 49. Re6 Nc2+ 50. Kd1 a4 51. h6+ Kf8 52. h7 a3 53. h8Q+ Rxh8 54. Kxc2 Rh2+ 55. Kd3 Rh7 56. Bd5 Rd7 57. Kd4 Ra7 58. Re2 Ra4+ 59. Ke5 1-0